000 00483nam a2200181Ia 4500
008 090124s9999 xx 000 0 und d
082 _b119075
100 _aभागवत मधुराणी
245 _a फुलोरा
250 _a1
260 _c1981
300 _a172
600 _aभागवत मधुराणी
630 _a फुलोरा
700 _aभागवत मधुराणी
730 _a फुलोरा
942 _cBOOK
999 _c165161
_d165161